000
00200nam a2200085 4500
001
1258498
005
20260311135304.0
245
_a
KÖPEK ADAM KOCA JIM BAŞLIYOR
_c
DAV PİLKEY
260
_b
ALTIN KİTAPLAR
999
_c
1258498
_d
1258498